[Event "Sant Adria de Besos op 2nd B"]
[Site "Sant Adria de Besos"]
[Date "2018.08.11"]
[Round "2.9"]
[White "Onyango, Adia"]
[Black "Castellon Baeza, Jose Felipe"]
[Result "1-0"]
[WhiteElo "1741"]
[BlackElo "1836"]
[PlyCount "51"]
[EventDate "2018.08.10"]
[EventType "swiss"]
[EventRounds "9"]
[EventCountry "ESP"]
[SourceTitle "EXT 2024"]
[Source "ChessBase"]
[SourceDate "2023.10.10"]
[SourceVersion "1"]
[SourceVersionDate "2023.10.10"]
[SourceQuality "1"]

1. d4 e6 2. c4 Nf6 3. Nc3 Bb4 4. Qc2 0-0 5. a3 Bxc3+ 6. Qxc3 Ne4 7. Qc2 d5 8. Nf3 b6 9. Bf4 c5 10. cxd5 exd5 11. e3 Ba6 12. Bxa6 Nxa6 13. 0-0 c4 14. Ne5 g5 15. Bg3 Nxg3 16. hxg3 Nc7 17. Qf5 Ne6 18. Ng4 h5 19. Nf6+ Kg7 20. Nxh5+ Kh6 21. Nf6 Rh8 22. Nxd5 Kg7 23. Qe5+ Kg6 24. f4 Kh5 25. g4+ Kxg4 26. Nf6+ 1-0